000 01659cam a2200313 a 4500
999 _c2882
_d2882
001 12930232
003 OSt
005 20251006112933.0
008 990920r19941953enk b 000 0 eng
010 _a 2002483634
020 _a9781854594679
035 _a(UkLWHE)b000032137
040 _aDLC
_cDLC
_dDLC
_dWaU
_dKH8
043 _ae-uk-en
082 0 0 _a822.912 RAT
_222
100 1 _aRattigan, Terence,
_eauthor.
245 1 4 _aThe Winslow boy /
_cTerence Rattigan ; introduced by Dan Rebellato.
260 _aLondon :
_bNick Hern Books,
_c1994 (2002 printing).
300 _axxxii, 96 p. ;
_c20 cm.
520 _aBased on the real-life court case of a young naval cadet unjustly accused of stealing a five-shilling postal order and first staged in 1946, The Winslow Boy has been revived many times since, including at The Old Vic in 2013. Ronnie Winslow is expelled from naval college, having been accused of petty theft. Enraged, his father Arthur engages a lawyer to challenge the Admiralty to prove the charges in court – but public opinion is very much against the Winslows, and each member of the family is suffering... This edition includes an authoritative introduction by Dan Rebellato, a biographical sketch and a chronology.
650 0 _aLegal drama, English.
650 0 _aFathers and sons
_vDrama.
650 0 _aTrials (Libel)
_vDrama.
650 0 _aBoys
_vDrama.
651 0 _aLondon (England)
_vDrama.
906 _a7
_bcbc
_corigres
_d2
_encip
_f20
_gy-gencatlg
942 _2ddc
_cTR